El árbol fantástico : (Registro nro. 12337)

Detalles MARC
000 -LIDER
fixed length control field 00770nam a22002537a 4500
001 - NÚMERO DE CONTROL
Identificador de número de control 0011920
003 - IDENTIFICACDOR DE NÚMERO DE CONTROL
control field DO-SdBNP
005 - DATE AND TIME OF LATEST TRANSACTION
control field 20180212132216.0
007 - CAMPOS FIJOS DE DESCRIPCIÓN FÍSICA
fixed length control field 0011920
008 - ELEMENTOS DE LONGITUD FIJA
fixed length control field 161207b 1990 cl||||| |||| 00| 0 spa d
020 ## - ISBN
International Standard Book Number 9789580412885
040 ## - FUENTE DE CATALOGACIÓN
Agencia que crea de manera original el registro BPMSU
Idioma de catalogación spa
Agencia que realiza la transcripción BPMSU
082 ## - NÚMERO DE CLASIFICACIÓN DECIMAL DE DEWEY
Classification number xxxxxxxxx
Item number xxxxxxxxx
100 1# - ASIENTO PRINCIPAL -- NOMBRE PERSONAL
Nombre personal Rodríguez, Conxita
245 13 - MENCIÓN DE TITULO
Título El árbol fantástico :
Subtítulo la imaginación /
Mención de responsabilidad Conxita Rodríguez ; textos pedagógicos Antoni Amorós
260 ## - PUBLICACIÓN, DISTRIBUCIÓN, ETC. (PIE DE IMPRENTA)
Lugar de publicación, distribución, etc BHogotá, Colombia :
Nombre del editor, distribuidor, etc. Norma,
Fecha de publicación, distribución, etc 1990.
300 ## - DESCRIPCIÓN FÍSICA
Extensión 26 p. :
Otros detalles físicos il.,
Dimensiones 22 cm.
490 1# - MENCIÓN DE SERIES
Mención de serie Las experiencias del niño
700 1# - ASIENTO SECUNDARIO -- NOMBRE PERSONAL
Nombre personal Amorós, Antoni
830 #0 - ASIENTO SECUNDARIO DE SERIE--TÍTULO UNIFORME
Título uniforme Las experiencias del niño
942 ## - ADDED ENTRY ELEMENTS (KOHA)
Source of classification or shelving scheme Dewey Decimal Classification
Koha item type Libros
945 ## - INFORMACIÓN DE PROCESAMIENTO LOCAL
Información de procesamiento local inventariado, 2018 / dg
956 ## - LOCAL ELECTRONIC LOCATION AND ACCESS (OCLC)
Nombre de host BTAVÁREZ
Número de acceso 10
Información de compresión 20161207
Trayectoria 0011920
Existencias
Withdrawn status Lost status Source of classification or shelving scheme Damaged status Not for loan Collection code Home library Current library Date acquired Source of acquisition Total Checkouts Full call number Barcode Date last seen Price effective from Koha item type
    Dewey Decimal Classification     Colección Infantil General Biblioteca Pública Metropolitana Salomé Ureña Biblioteca Pública Metropolitana Salomé Ureña 12/07/2016 Donado   xxxxxxxxx xxxxxxxxx BPMSU16120188 12/07/2016 12/07/2016 Libros